000 00369nam a2200145Ia 4500
008 231129s2011||||xx |||||||||||||| ||spa||
020 _a978-958-45-1675-6
040 _bspa
082 _a(i) 813.5 P416cl
100 _aPennypacker Sara
245 0 _aClementina
260 _c2011
264 _aGrupo Editorial Norma
942 _2ddc
_cBKS
999 _c701
_d701